000 01265nam a2200301 i 4500
003 EG-GICUC
005 20260503194737.0
008 260503s2005 ua ||||fr|||| 00| 0 ara d
017 _a2005/22427
020 _a9774000099
040 _a EG-GICUC
_bara
_c EG-GICUC
_d EG-GICUC
_erda
041 0 _aara
082 0 4 _221
_a345.832103
_bم ج . م
092 0 4 _221
099 _aLaw1 10 345.832103 م ج . م 2005 0704318 V3, C1
100 0 _aمجدى محمود محب حافظ
_eمؤلف.
245 1 2 _aموسوعة أحكام المحكمة الإدارية العليا في خمسين عام :
_bمن عام 1955 حتى عام 2005.
_nالجزء الثالث،
_p من حرف (ج-جمارك) إلى حرف (ش) /
_cتأليف دكتور مجدى محمود محب حافظ.
264 1 _aالقاهرة :
_bدار محمود للنشر والتوزيع،
_c2005.
300 _a1963 ؛ صفحة
_c25 سم.
336 _2rda content
_atext
337 _2rda media
_aComputer
338 _2rda carrier
_aOnline Resource
546 _aالنص باللغة العربية
650 1 4 _aالمحكمة الإدارية العليا
_vموسوعات
856 4 0 _uhttps://fll.law.cu.edu.eg/fulltext/bks/B07-04318.pdf
905 _a164
942 _2ddc
_cBK
_e21
_n0
999 _c75348
_d75348